[Event "Mitropa Cup"]
[Site "Charleville (Frankreich)"]
[Date "2000.11.30"]
[Round "6.3"]
[White "Jelen, Igor"]
[Black "Mantovani, Renzo"]
[Result "1/2-1/2"]
[WhiteElo "2429"]
[BlackElo "2410"]
[Annotator "SLOVENIE-ITALIE"]
[PlyCount "70"]
[EventDate "2000.11.30"]

1. d4 Nf6 2. c4 c5 3. d5 g6 4. Nc3 Bg7 5. e4 O-O 6. Nf3 d6 7. Bf4 a6 8. a4 Bg4
9. Be2 Nbd7 10. O-O Ne8 11. Qd2 Nc7 12. Rad1 Rb8 13. Qe3 Re8 14. Rfe1 Bxf3 15.
Qxf3 Ne5 16. Qg3 e6 17. Bg5 f6 18. Bc1 exd5 19. exd5 f5 20. Bf1 Nf7 21. h4 Be5
22. Qh3 Qf6 23. Kh1 Re7 24. Bd2 Rbe8 25. g3 Bd4 26. Qg2 Kg7 27. Rxe7 Rxe7 28.
Re1 Rxe1 29. Bxe1 Qe5 30. Bd2 Ne8 31. f4 Qe7 32. Qe2 Kf8 33. Qxe7+ Kxe7 34. Kg2
Nf6 35. Bd3 Nh6 1/2-1/2

[Event "Mitropa Cup"]
[Site "Charleville (Frankreich)"]
[Date "2000.11.30"]
[Round "6.4"]
[White "Lanzani, Mario"]
[Black "Kos, Toni"]
[Result "1-0"]
[WhiteElo "2419"]
[BlackElo "2400"]
[Annotator "ITALIE-SLOVENIE"]
[PlyCount "73"]
[EventDate "2000.11.30"]

1. e4 Nc6 2. Nc3 d6 3. d4 Nf6 4. f4 e5 5. d5 Ne7 6. Nf3 exf4 7. Bxf4 Ng6 8. Bg3
Be7 9. Bd3 Ng4 10. Qe2 Bf6 11. O-O O-O 12. Kh1 Qe7 13. Rae1 a6 14. Nd1 Bd7 15.
c3 Rae8 16. Ne3 Nxe3 17. Qxe3 Qd8 18. Qa7 Qc8 19. Qf2 Be5 20. Nxe5 Nxe5 21.
Bxe5 Rxe5 22. a4 c5 23. dxc6 Bxc6 24. b3 Qe6 25. Rd1 Rg5 26. Bb1 Qg6 27. Rg1
Re8 28. Qd2 Ree5 29. Qf2 Qh5 30. Qf3 Qh4 31. Rgf1 Re7 32. Rxd6 h6 33. Rd8+ Kh7
34. e5+ f5 35. exf6+ g6 36. Rh8+ Kxh8 37. fxe7 1-0

[Event "Mitropa Cup"]
[Site "Charleville (Frankreich)"]
[Date "2000.11.30"]
[Round "6.1"]
[White "Balinov, Ilija"]
[Black "Kalod, Radek"]
[Result "0-1"]
[WhiteElo "2453"]
[BlackElo "2483"]
[Annotator "AUTRICHE-REPUBLIQUE TCHEQUE"]
[PlyCount "68"]
[EventDate "2000.11.30"]

1. e4 c5 2. Nc3 d6 3. Nge2 Nf6 4. d4 cxd4 5. Nxd4 a6 6. Rg1 b5 7. g4 Bb7 8. Bg2
Nfd7 9. Be3 e6 10. g5 Nb6 11. a3 N8d7 12. h4 Rc8 13. Qg4 Rxc3 14. bxc3 Qc7 15.
Bd2 d5 16. exd5 Bxd5 17. Bxd5 Nxd5 18. a4 Ne5 19. Qh3 b4 20. Nxe6 Qe7 21. Nxf8
Nf3+ 22. Kd1 Nxg1 23. Qd3 bxc3 24. Rb1 Qd8 25. Nd7 Qxd7 26. Rb8+ Ke7 27. Qe4+
Kd6 28. Rxh8 cxd2 29. Kxd2 Qc7 30. c4 Qa5+ 31. Kc1 Qc3+ 32. Kd1 Qa1+ 33. Kd2
Qb2+ 34. Qc2 Nf3+ 0-1

[Event "Mitropa Cup"]
[Site "Charleville (Frankreich)"]
[Date "2000.11.30"]
[Round "6.2"]
[White "Cvek, Robert"]
[Black "Kuba, Guenter"]
[Result "1-0"]
[WhiteElo "2408"]
[BlackElo "2260"]
[Annotator "REPUBLIQUE TCHEQUE-AUTRICHE"]
[PlyCount "89"]
[EventDate "2000.11.30"]

1. c4 e6 2. d4 d5 3. Nc3 Nf6 4. Bg5 Be7 5. Nf3 O-O 6. e3 h6 7. Bh4 b6 8. Bd3
dxc4 9. Bxc4 Bb7 10. O-O Ne4 11. Bg3 Nxg3 12. hxg3 Nd7 13. Qe2 c5 14. Rad1 Qc8
15. d5 exd5 16. Nxd5 Re8 17. Nf4 Bf6 18. Nh5 Be5 19. Rd2 Nf8 20. Nxe5 Rxe5 21.
Nf4 Qc6 22. f3 a6 23. Rc1 Rae8 24. e4 b5 25. Bd5 Qb6 26. Qf2 Bxd5 27. Nxd5 Qa5
28. Rd3 f5 29. exf5 Qxa2 30. Nc3 Qc4 31. Rdd1 Qb3 32. Ne4 c4 33. f6 R8e6 34.
fxg7 Kxg7 35. Qd4 Kg8 36. Nf6+ Kf7 37. Ng4 Rf5 38. Qh8 Rh5 39. Rd4 Qb4 40. Rf4+
Ke8 41. Nf6+ Rxf6 42. Qxf6 Qc5+ 43. Rd4 Rd5 44. Re1+ Kd7 45. Re7+ 1-0

[Event "Mitropa Cup"]
[Site "Charleville (Frankreich)"]
[Date "2000.11.30"]
[Round "6.3"]
[White "Pingitzer, Harald"]
[Black "Vavra, Pavel"]
[Result "1/2-1/2"]
[WhiteElo "2278"]
[BlackElo "2393"]
[Annotator "AUTRICHE-REPUBLIQUE TCHEQUE"]
[PlyCount "46"]
[EventDate "2000.11.30"]

1. d4 d5 2. Nf3 c6 3. c4 Nf6 4. e3 e6 5. Nbd2 Ne4 6. Bd3 f5 7. Ne5 Nd7 8. Qh5+
g6 9. Nxg6 Ndf6 10. Qh4 Rg8 11. Nxf8 Kxf8 12. Bxe4 dxe4 13. O-O c5 14. b3 cxd4
15. exd4 Qxd4 16. Nf3 Qc3 17. Bd2 Rxg2+ 18. Kxg2 Qxf3+ 19. Kg1 Kf7 20. Qf4 e5
21. Qxf3 exf3 22. Bc3 e4 23. h3 f4 1/2-1/2

[Event "Mitropa Cup"]
[Site "Charleville (Frankreich)"]
[Date "2000.11.30"]
[Round "6.4"]
[White "Vrana, Frantisek"]
[Black "Fusi, Christoph"]
[Result "1-0"]
[WhiteElo "2285"]
[BlackElo "2275"]
[Annotator "REPUBLIQUE TCHEQUE-AUTRICHE"]
[PlyCount "105"]
[EventDate "2000.11.30"]

1. e4 c6 2. d4 d5 3. exd5 cxd5 4. Bd3 Nf6 5. c3 Nc6 6. Bf4 Bg4 7. Qb3 Qc8 8.
Nd2 e6 9. Ngf3 Be7 10. O-O Bh5 11. Ne5 O-O 12. Ndf3 a6 13. a4 Nd7 14. Rfe1
Ncxe5 15. Nxe5 Nxe5 16. Bxe5 Bg6 17. Bxg6 hxg6 18. a5 Qc6 19. Re3 Qb5 20. Qc2
Rfd8 21. Rh3 Bd6 22. Bxd6 Rxd6 23. Qd2 Qd7 24. Qf4 Qe7 25. g4 g5 26. Qe3 f6 27.
Qd3 Kf7 28. Qh7 Rg8 29. Re1 Kf8 30. Qd3 g6 31. c4 Kg7 32. c5 Rc6 33. b4 Re8 34.
Rhe3 Qc7 35. h3 Re7 36. Rf3 Qd8 37. Qc3 Qe8 38. Qd2 Rc8 39. Rfe3 Kf7 40. Qe2
Qc6 41. Rf3 Kg7 42. h4 e5 43. hxg5 fxg5 44. Qe3 e4 45. Qxg5 Qe6 46. Rf5 Rd7 47.
Re5 Qf7 48. f4 exf3 49. Rf5 Qg8 50. Qf6+ Kh7 51. Kf2 Qg7 52. Rh1+ Kg8 53. Qe6+
1-0

[Event "Mitropa Cup"]
[Site "Charleville (Frankreich)"]
[Date "2000.11.30"]
[Round "6.1"]
[White "Hauchard, Arnaud"]
[Black "Plachetka, Jan"]
[Result "1/2-1/2"]
[WhiteElo "2539"]
[BlackElo "2373"]
[Annotator "FRANCE-SLOVAQUIE"]
[PlyCount "32"]
[EventDate "2000.11.30"]

1. Nf3 Nf6 2. c4 e6 3. g3 d5 4. Bg2 Be7 5. O-O O-O 6. d4 dxc4 7. Qc2 a6 8. a4
Bd7 9. Qxc4 Bc6 10. Nc3 Nbd7 11. Rd1 a5 12. e3 Bb4 13. Qe2 Nb6 14. Bd2 Qe7 15.
b3 Rfd8 16. Na2 Bxd2 1/2-1/2

[Event "Mitropa Cup"]
[Site "Charleville (Frankreich)"]
[Date "2000.11.30"]
[Round "6.2"]
[White "Likavsky, Tomas"]
[Black "Fressinet, Laurent"]
[Result "0-1"]
[WhiteElo "2409"]
[BlackElo "2536"]
[Annotator "SLOVAQUIE-FRANCE"]
[PlyCount "52"]
[EventDate "2000.11.30"]

1. d4 d5 2. c4 e6 3. Nf3 Nf6 4. g3 dxc4 5. Bg2 Nc6 6. O-O Rb8 7. a4 a6 8. a5 b5
9. axb6 cxb6 10. Bf4 Bd6 11. Ne5 Ne7 12. Nd2 b5 13. Bc6+ Kf8 14. Bg2 Nfd5 15.
Bg5 f6 16. e4 Nb4 17. Qf3 Kg8 18. Bxf6 gxf6 19. Ng4 f5 20. Nf6+ Kf7 21. e5 Ng6
22. Qh5 Be7 23. Nf3 Bxf6 24. exf6 Qxf6 25. Rfe1 Kg7 26. Ng5 h6 0-1

[Event "Mitropa Cup"]
[Site "Charleville (Frankreich)"]
[Date "2000.11.30"]
[Round "6.4"]
[White "Pinter, Erik"]
[Black "Degraeve, Jean-Marc"]
[Result "1/2-1/2"]
[WhiteElo "2238"]
[BlackElo "2540"]
[Annotator "SLOVAQUIE-FRANCE"]
[PlyCount "105"]
[EventDate "2000.11.30"]

1. e4 c5 2. Nc3 Nc6 3. f4 e6 4. Nf3 a6 5. d4 cxd4 6. Nxd4 d5 7. e5 Nxd4 8. Qxd4
Ne7 9. Bd3 Nc6 10. Qf2 Bd7 11. O-O Qa5 12. Ne2 Bc5 13. Be3 Bxe3 14. Qxe3 g6 15.
a3 Rc8 16. b4 Qd8 17. Rac1 Ne7 18. c4 dxc4 19. Bxc4 Nf5 20. Qf2 Ba4 21. Rc3 O-O
22. Rfc1 Qd2 23. Ng3 Rcd8 24. Nxf5 exf5 25. Qxd2 Rxd2 26. Rd3 Rd8 27. Rxd8+
Rxd8 28. Be2 Bc6 29. Bxa6 Ra8 30. Be2 Rxa3 31. b5 Be4 32. Rc8+ Kg7 33. Rc7 Kf8
34. Bc4 Rc3 35. Rxf7+ Ke8 36. Rc7 Bd5 37. Bxd5 Rxc7 38. b6 Rd7 39. Bf3 Rd4 40.
g3 Rb4 41. Bxb7 Rxb6 42. Bd5 Rb2 43. h4 Ke7 44. Bg8 Kf8 45. Be6 Kg7 46. Bd7 Rd2
47. e6 Re2 48. Kf1 Re4 49. Kf2 Kf6 50. Kf3 Rxe6 51. Bxe6 Kxe6 52. g4 Kd5 53. h5
1/2-1/2

[Event "Mitropa Cup"]
[Site "Charleville (Frankreich)"]
[Date "2000.11.30"]
[Round "6.1"]
[White "Gustafsson, Jan"]
[Black "Kozul, Zdenko"]
[Result "1/2-1/2"]
[WhiteElo "2506"]
[BlackElo "2611"]
[Annotator "ALLEMAGNE-CROATIE"]
[PlyCount "27"]
[EventDate "2000.11.30"]

1. d4 g6 2. e4 Bg7 3. c4 d6 4. Nc3 Nf6 5. f4 O-O 6. Nf3 Na6 7. Be2 e5 8. dxe5
dxe5 9. Nxe5 Nc5 10. Bf3 Qxd1+ 11. Kxd1 c6 12. Kc2 Re8 13. Re1 g5 14. g3
1/2-1/2

[Event "Mitropa Cup"]
[Site "Charleville (Frankreich)"]
[Date "2000.11.30"]
[Round "6.2"]
[White "Cvitan, Ognjen"]
[Black "Doettling, Fabian"]
[Result "1-0"]
[WhiteElo "2541"]
[BlackElo "2473"]
[Annotator "CROATIE-ALLEMAGNE"]
[PlyCount "61"]
[EventDate "2000.11.30"]

1. d4 d5 2. c4 dxc4 3. e3 Nf6 4. Bxc4 e6 5. Nf3 c5 6. O-O a6 7. Bb3 cxd4 8.
exd4 Nc6 9. Nc3 Be7 10. Re1 O-O 11. Bg5 b5 12. Qd3 Bb7 13. a3 Na5 14. Bc2 g6
15. Bh6 Re8 16. Ne5 Rc8 17. Qh3 Qd6 18. Rad1 Nc4 19. Bb3 Bd5 20. Bxc4 Bxc4 21.
Bg5 Bd5 22. Qh4 Kg7 23. Qf4 Qd8 24. Rd3 Bb7 25. Rh3 h5 26. Bh6+ Kg8 27. Rxh5
Rc4 28. Rh4 Rc7 29. Bg5 Rf8 30. Qg3 Re8 31. Rh8+ 1-0

[Event "Mitropa Cup"]
[Site "Charleville (Frankreich)"]
[Date "2000.11.30"]
[Round "6.3"]
[White "Grund, Holger"]
[Black "Golubovic, Boris"]
[Result "0-1"]
[WhiteElo "2475"]
[BlackElo "2466"]
[Annotator "ALLEMAGNE-CROATIE"]
[PlyCount "100"]
[EventDate "2000.11.30"]

1. e4 c5 2. Nf3 e6 3. c3 Nf6 4. e5 Nd5 5. d4 cxd4 6. cxd4 d6 7. a3 Nd7 8. Bd3
b6 9. O-O Be7 10. Qe2 dxe5 11. dxe5 Bb7 12. Rd1 Rc8 13. Bd2 O-O 14. Nc3 Nc5 15.
Bc2 Nxc3 16. Bxc3 Qc7 17. Nd4 a6 18. Qg4 b5 19. Rac1 Qb6 20. Bd2 Rfd8 21. Bh6
Bf8 22. Bg5 Rd5 23. Nf3 g6 24. Rxd5 Bxd5 25. Bb1 Qb7 26. Nd4 Nd7 27. Re1 Bg7
28. Qg3 b4 29. a4 b3 30. Bd2 Rc4 31. Nxb3 Rxa4 32. Bc2 Qb8 33. f4 Ra2 34. Qc3
Bf8 35. h3 Ra4 36. Kh2 Rc4 37. Qd3 Rxc2 38. Qxc2 Bxb3 39. Qc3 Bd5 40. b4 Qb5
41. Qd4 Nb8 42. Qf2 Nc6 43. Rc1 Be7 44. Qe1 h5 45. Rb1 Qd3 46. Rb2 Nd4 47. Qe3
Qf1 48. Be1 Bxg2 49. Qxd4 Qh1+ 50. Kg3 h4+ 0-1

[Event "Mitropa Cup"]
[Site "Charleville (Frankreich)"]
[Date "2000.11.30"]
[Round "6.4"]
[White "Kovacevic, Vlatko"]
[Black "Handke, Florian"]
[Result "1-0"]
[WhiteElo "2492"]
[BlackElo "2455"]
[Annotator "CROATIE-ALLEMAGNE"]
[PlyCount "69"]
[EventDate "2000.11.30"]

1. d4 Nf6 2. Nf3 c5 3. e3 cxd4 4. exd4 d5 5. Nbd2 Nc6 6. Bb5 Bg4 7. O-O e6 8.
c4 Bd6 9. Qa4 O-O 10. c5 Bc7 11. Bxc6 bxc6 12. Qxc6 Rc8 13. Qa4 Ne4 14. h3 Nxd2
15. Nxd2 Bxh3 16. Nf3 Bg4 17. Ne5 Bf5 18. b4 Qh4 19. f4 Bxe5 20. dxe5 d4 21.
Bd2 f6 22. Qb3 Qg4 23. Rae1 Qg6 24. Rf3 h5 25. Rg3 Qh7 26. exf6 Rxf6 27. Rg5 h4
28. Re5 Rcf8 29. Kh2 g6 30. c6 Qe7 31. b5 R8f7 32. Ba5 Qd6 33. Qc4 Rf8 34. Bb4
Bd3 35. Qb3 1-0

[Event "Mitropa Cup"]
[Site "Charleville (Frankreich)"]
[Date "2000.11.30"]
[Round "6.1"]
[White "Varga, Zoltan"]
[Black "Jenni, Florian"]
[Result "1-0"]
[WhiteElo "2541"]
[BlackElo "2440"]
[Annotator "HONGRIE-SUISSE"]
[PlyCount "45"]
[EventDate "2000.11.30"]

1. d4 Nf6 2. c4 e6 3. Nf3 b6 4. g3 Ba6 5. b3 b5 6. cxb5 Bxb5 7. Bg2 a5 8. O-O
Bc6 9. a3 Qc8 10. Nbd2 Be7 11. Qc2 Qb7 12. Re1 Bxf3 13. Bxf3 d5 14. e4 c6 15.
Bb2 O-O 16. Rac1 Ra6 17. h4 h6 18. Qd3 Rd8 19. Bd1 dxe4 20. Nxe4 Nbd7 21. Nd2
c5 22. Bf3 Nd5 23. Bxd5 1-0

[Event "Mitropa Cup"]
[Site "Charleville (Frankreich)"]
[Date "2000.11.30"]
[Round "6.2"]
[White "Ekstroem, Roland"]
[Black "Acs, Peter"]
[Result "1/2-1/2"]
[WhiteElo "2487"]
[BlackElo "2497"]
[Annotator "SUISSE-HONGRIE"]
[PlyCount "74"]
[EventDate "2000.11.30"]

1. e4 e5 2. Nf3 Nc6 3. Bc4 Nf6 4. d3 Be7 5. O-O O-O 6. Re1 d6 7. c3 h6 8. Bb3
Re8 9. Nbd2 Bf8 10. h3 Ne7 11. Nf1 Ng6 12. Ng3 c6 13. d4 Qc7 14. dxe5 dxe5 15.
Be3 b6 16. Nh2 Nf4 17. Bc4 g6 18. a4 Rb8 19. Qf3 Bg7 20. Ne2 g5 21. Ng3 Be6 22.
b3 Rbd8 23. Ng4 Nxg4 24. hxg4 Bxc4 25. bxc4 Rd3 26. Rec1 c5 27. Nf5 Qc6 28. a5
Qe6 29. axb6 axb6 30. Ra4 Red8 31. g3 Ng6 32. Kg2 Bf8 33. Kh2 R3d7 34. Rb1 Rd3
35. Rc1 R3d7 36. Kg2 Rd3 37. Kh2 R3d7 1/2-1/2

[Event "Mitropa Cup"]
[Site "Charleville (Frankreich)"]
[Date "2000.11.30"]
[Round "6.3"]
[White "Ruck, Robert"]
[Black "Gallagher, Joseph"]
[Result "1/2-1/2"]
[WhiteElo "2489"]
[BlackElo "2514"]
[Annotator "HONGRIE-SUISSE"]
[PlyCount "36"]
[EventDate "2000.11.30"]

1. d4 Nf6 2. c4 g6 3. Nf3 Bg7 4. g3 O-O 5. Bg2 d6 6. O-O Nbd7 7. Nc3 e5 8. h3
a6 9. dxe5 dxe5 10. Be3 Qe7 11. Qb3 c6 12. Rfd1 Re8 13. Ng5 Nc5 14. Bxc5 Qxc5
15. Nce4 Nxe4 16. Nxe4 Qa5 17. Nd6 Re7 18. Rac1 Qc7 1/2-1/2

[Event "Mitropa Cup"]
[Site "Charleville (Frankreich)"]
[Date "2000.11.30"]
[Round "6.4"]
[White "Zueger, Beat"]
[Black "Horvath, Adam"]
[Result "1/2-1/2"]
[WhiteElo "2416"]
[BlackElo "2425"]
[Annotator "SUISSE-HONGRIE"]
[PlyCount "40"]
[EventDate "2000.11.30"]

1. d4 Nf6 2. c4 e6 3. g3 c5 4. Nf3 cxd4 5. Nxd4 Bb4+ 6. Bd2 Qb6 7. e3 Nc6 8.
Bxb4 Qxb4+ 9. Qd2 Qxd2+ 10. Nxd2 d5 11. Nb5 Ke7 12. Bg2 Nb4 13. Ke2 Bd7 14. Nc3
d4 15. exd4 Nc2 16. Rac1 Nxd4+ 17. Ke3 Nf5+ 18. Ke2 Nd4+ 19. Ke3 Nf5+ 20. Ke2
Nd4+ 1/2-1/2

[Event "Mitropa Cup"]
[Site "Charleville (Frankreich)"]
[Date "2000.12.01"]
[Round "7.1"]
[White "Ekstroem, Roland"]
[Black "Tratar, Marko"]
[Result "1/2-1/2"]
[WhiteElo "2487"]
[BlackElo "2410"]
[Annotator "SUISSE-SLOVENIE"]
[PlyCount "84"]
[EventDate "2000.12.01"]

1. d4 Nf6 2. Nf3 g6 3. g3 Bg7 4. Bg2 O-O 5. O-O d6 6. Nc3 d5 7. Re1 Ne4 8. Nxe4
dxe4 9. Ne5 f6 10. Nc4 f5 11. c3 Be6 12. Na5 b6 13. Nb3 Bd5 14. f3 exf3 15.
Bxf3 Bxf3 16. exf3 e5 17. dxe5 Qxd1 18. Rxd1 Bxe5 19. Bh6 Re8 20. Nd4 a6 21.
Kf2 Bd6 22. Rd2 Nd7 23. Nc6 Ne5 24. Nxe5 Bxe5 25. Rd7 Rad8 26. Rad1 Bd6 27.
Rxd8 Rxd8 28. Bf4 Bc5+ 29. Ke2 Rxd1 30. Kxd1 c6 31. Ke2 Kf7 32. Be3 Bxe3 33.
Kxe3 Ke6 34. Kd4 c5+ 35. Kc4 Kd6 36. a4 Kc6 37. b3 b5+ 38. axb5+ axb5+ 39. Kd3
Kd5 40. c4+ bxc4+ 41. bxc4+ Ke5 42. f4+ Kd6 1/2-1/2

[Event "Mitropa Cup"]
[Site "Charleville (Frankreich)"]
[Date "2000.12.01"]
[Round "7.4"]
[White "Kos, Toni"]
[Black "Zueger, Beat"]
[Result "0-1"]
[WhiteElo "2400"]
[BlackElo "2416"]
[Annotator "SLOVENIE-SUISSE"]
[PlyCount "68"]
[EventDate "2000.12.01"]

1. e4 e6 2. d4 d5 3. Nc3 Nf6 4. Bg5 Be7 5. e5 Nfd7 6. h4 Bxg5 7. hxg5 Qxg5 8.
Nh3 Qe7 9. Nf4 Nc6 10. Qg4 g6 11. O-O-O h5 12. Qf3 Nb6 13. g4 h4 14. Qe3 Bd7
15. Rh3 O-O-O 16. Be2 Kb8 17. Kb1 Rc8 18. Ng2 Na5 19. b3 c5 20. dxc5 Rxc5 21.
b4 Rxc3 22. Qxc3 Rc8 23. Qe1 Nc6 24. a3 Nxe5 25. f4 Nec4 26. Qxh4 Nxa3+ 27.
Rxa3 Qxb4+ 28. Rb3 Qe4 29. Ne3 Ba4 30. Qh1 Qxf4 31. Qf3 Qxf3 32. Bxf3 Bxb3 33.
cxb3 Rc3 34. Re1 d4 0-1

[Event "Mitropa Cup"]
[Site "Charleville (Frankreich)"]
[Date "2000.12.01"]
[Round "7.2"]
[White "Acs, Peter"]
[Black "Cvitan, Ognjen"]
[Result "1/2-1/2"]
[WhiteElo "2497"]
[BlackElo "2541"]
[Annotator "HONGRIE-CROATIE"]
[PlyCount "51"]
[EventDate "2000.12.01"]

1. e4 c6 2. d4 d5 3. exd5 cxd5 4. c4 Nf6 5. Nc3 e6 6. Nf3 Be7 7. cxd5 Nxd5 8.
Bc4 O-O 9. O-O Nc6 10. Re1 Bf6 11. Ne4 b6 12. a3 Bb7 13. Qd3 Rc8 14. Nfg5 Bxg5
15. Bxg5 f6 16. Bd2 Kh8 17. Bb3 Nc7 18. Bc3 Ba6 19. Qg3 Qd7 20. Rad1 Rcd8 21.
Qh3 Nd5 22. Bc2 Nf4 23. Qf3 Nd5 24. Qh3 Nf4 25. Qf3 Nd5 26. Qh3 1/2-1/2

[Event "Mitropa Cup"]
[Site "Charleville (Frankreich)"]
[Date "2000.12.01"]
[Round "7.3"]
[White "Sulava, Nenad"]
[Black "Ruck, Robert"]
[Result "1/2-1/2"]
[WhiteElo "2549"]
[BlackElo "2489"]
[Annotator "CROATIE-HONGRIE"]
[PlyCount "102"]
[EventDate "2000.12.01"]

1. Nf3 Nf6 2. c4 c5 3. g3 d5 4. d4 cxd4 5. Bg2 dxc4 6. Qxd4 Nc6 7. Qxd8+ Nxd8
8. Na3 Bd7 9. Ne5 Rc8 10. Naxc4 Be6 11. b3 Bd5 12. O-O e6 13. Be3 b5 14. Nb2
Ba3 15. Nbd3 a5 16. Bc1 Bd6 17. Bd2 Bxg2 18. Kxg2 Nb7 19. a4 Ne4 20. Be3 f6 21.
Nf3 bxa4 22. bxa4 e5 23. Rab1 Nbc5 24. Bxc5 Nxc5 25. Nxc5 Bxc5 26. Ne1 e4 27.
f3 exf3+ 28. Rxf3 O-O 29. Nd3 Rfe8 30. Rc1 Bd6 31. Rxc8 Rxc8 32. Rf5 Re8 33.
Kf3 Bc7 34. Rb5 Kf8 35. Nf4 Re5 36. Nd5 Bd8 37. e4 f5 38. exf5 Rxf5+ 39. Ke4
Rf2 40. h4 Ra2 41. Rb8 Rxa4+ 42. Ke5 Ke8 43. Kd6 Rd4 44. h5 a4 45. Ra8 a3 46.
Ke6 Re4+ 47. Kf5 Rd4 48. Ke5 Rg4 49. Ke6 Re4+ 50. Kf5 Rd4 51. Ke5 Rg4 1/2-1/2

[Event "Mitropa Cup"]
[Site "Charleville (Frankreich)"]
[Date "2000.12.01"]
[Round "7.4"]
[White "Horvath, Adam"]
[Black "Golubovic, Boris"]
[Result "0-1"]
[WhiteElo "2425"]
[BlackElo "2466"]
[Annotator "HONGRIE-CROATIE"]
[PlyCount "62"]
[EventDate "2000.12.01"]

1. e4 e6 2. d4 d5 3. Nc3 Nf6 4. Bg5 dxe4 5. Nxe4 Be7 6. Bxf6 Bxf6 7. Nf3 O-O 8.
Qd2 Nd7 9. O-O-O Be7 10. Bd3 b6 11. h4 Bb7 12. Qe2 c5 13. Neg5 h6 14. Nxe6 Bxf3
15. gxf3 fxe6 16. Qxe6+ Kh8 17. Rhg1 Rf6 18. Qg4 Bf8 19. Bb5 Rd6 20. d5 Nf6 21.
Qf5 Qc8 22. Qe5 a6 23. Bc6 Ra7 24. Rg6 Qd8 25. Rdg1 Rf7 26. c3 b5 27. Qf5 Qe7
28. Qc8 Nxd5 29. Rxd6 Qxd6 30. Qe8 Qf4+ 31. Kb1 Qxf3 0-1

[Event "Mitropa Cup"]
[Site "Charleville (Frankreich)"]
[Date "2000.12.01"]
[Round "7.4"]
[White "Handke, Florian"]
[Black "Kujovic, Michal"]
[Result "0-1"]
[WhiteElo "2455"]
[BlackElo "2244"]
[Annotator "ALLEMAGNE-SLOVAQUIE"]
[PlyCount "88"]
[EventDate "2000.12.01"]

1. d4 d5 2. c4 c6 3. Nc3 Nf6 4. e3 g6 5. Nf3 Bg7 6. Be2 O-O 7. O-O Bg4 8. cxd5
cxd5 9. h3 Bxf3 10. Bxf3 e6 11. Qb3 Qe7 12. Bd2 Nc6 13. Na4 Rfc8 14. Rfc1 Ne8
15. Be2 Rc7 16. Rc2 Nd6 17. Rac1 Rac8 18. Nc5 Bxd4 19. Na6 bxa6 20. Bxa6 Rb8
21. Qxb8+ Nxb8 22. Rxc7 Qg5 23. h4 Qxh4 24. exd4 Nxa6 25. Rxa7 Ne4 26. Be1 Qf6
27. Rxa6 Qxd4 28. b4 e5 29. Rac6 g5 30. R6c2 g4 31. b5 g3 32. Kf1 Qd3+ 33. Kg1
gxf2+ 34. Bxf2 Qxb5 35. Re1 Qa4 36. Rb2 Kg7 37. Re3 Qc4 38. Re1 Kg6 39. Rb6+ f6
40. Rf1 Qxa2 41. Bh4 Qa7 42. Rfb1 Nc3 43. Bf2 Nxb1 44. Rxb1 d4 0-1

[Event "Mitropa Cup"]
[Site "Charleville (Frankreich)"]
[Date "2000.12.01"]
[Round "7.3"]
[White "Pisk, Petr"]
[Black "Eliet, Nicolas"]
[Result "0-1"]
[WhiteElo "2400"]
[BlackElo "2391"]
[Annotator "REPUBLIQUE TCHEQUE-FRANCE"]
[PlyCount "82"]
[EventDate "2000.12.01"]

1. d4 d5 2. Nf3 Nf6 3. c4 c6 4. e3 e6 5. Nbd2 c5 6. dxc5 Bxc5 7. b3 dxc4 8.
Bxc4 a6 9. O-O b5 10. Be2 Bb7 11. Bb2 Nbd7 12. a4 b4 13. Rc1 O-O 14. Qc2 Qe7
15. Bd3 Rfc8 16. Qb1 h6 17. Ne4 Nd5 18. Nd4 Bb6 19. Rfd1 Ne5 20. Bf1 f5 21. Ng3
Nc3 22. Bxc3 Rxc3 23. Rxc3 bxc3 24. b4 Rc8 25. Rc1 f4 26. exf4 Bxd4 27. fxe5
Qf8 28. Rc2 Bxe5 29. Qe1 Qf4 30. Qd1 Rf8 31. b5 axb5 32. axb5 Bd5 33. Qc1 Qd4
34. Qe3 Bb3 35. Rc1 Qxe3 36. fxe3 c2 37. Ne2 Bb2 38. Re1 Rd8 39. b6 Rb8 40. Nc1
Rxb6 41. Nd3 Rd6 0-1

[Event "Mitropa Cup"]
[Site "Charleville (Frankreich)"]
[Date "2000.12.01"]
[Round "7.3"]
[White "Mantovani, Renzo"]
[Black "Kuba, Guenter"]
[Result "1-0"]
[WhiteElo "2410"]
[BlackElo "2260"]
[Annotator "ITALIE-AUTRICHE"]
[PlyCount "111"]
[EventDate "2000.12.01"]

1. e4 e5 2. Bc4 Nc6 3. Nf3 Bc5 4. c3 Nf6 5. Qe2 O-O 6. d3 d6 7. Nbd2 a6 8. Bb3
Ba7 9. Nf1 Be6 10. Ng3 Qd7 11. Bg5 Ne8 12. O-O f6 13. Bxe6+ Qxe6 14. Be3 Bxe3
15. fxe3 g6 16. d4 Ne7 17. h3 Rf7 18. Nh2 h6 19. Rf2 Kg7 20. b3 Ng8 21. Raf1
Kh7 22. Nf3 Re7 23. Nh2 Rf7 24. Kh1 Ng7 25. Nf3 Re7 26. Nh2 Rf7 27. Qg4 h5 28.
Qd1 Raf8 29. Nf3 Nh6 30. Qe2 Rd8 31. Kg1 Ne8 32. Qd3 Rdd7 33. b4 Rde7 34. c4
Ng7 35. a4 Qd7 36. Qc2 Ne8 37. c5 b6 38. c6 Qe6 39. Qd3 Qc8 40. Qc4 Kg7 41. d5
Kg8 42. Nh4 Kh7 43. Qe2 Rg7 44. Kh2 Ref7 45. Kh1 Rg8 46. Rg1 Ng7 47. Rgf1 Rgf8
48. Kg1 Qd8 49. Qd2 Qc8 50. Rf3 g5 51. Nhf5 Ngxf5 52. Nxf5 Nxf5 53. Rxf5 Kg6
54. Qe2 Qa8 55. h4 g4 56. Rxh5 1-0

[Event "Mitropa Cup"]
[Site "Charleville (Frankreich)"]
[Date "2000.12.01"]
[Round "7.4"]
[White "Pingitzer, Harald"]
[Black "Lanzani, Mario"]
[Result "1/2-1/2"]
[WhiteElo "2278"]
[BlackElo "2419"]
[Annotator "AUTRICHE-ITALIE"]
[PlyCount "24"]
[EventDate "2000.12.01"]

1. Nf3 Nf6 2. d4 g6 3. g3 Bg7 4. Bg2 O-O 5. O-O d6 6. b3 e5 7. dxe5 Ng4 8. Bb2
Nc6 9. Qd2 dxe5 10. h3 Nh6 11. e4 f6 12. Rd1 Qxd2 1/2-1/2

[Event "Mitropa Cup"]
[Site "Charleville (Frankreich)"]
[Date "2000.12.02"]
[Round "8.1"]
[White "Tratar, Marko"]
[Black "Balinov, Ilija"]
[Result "0-1"]
[WhiteElo "2410"]
[BlackElo "2453"]
[Annotator "SLOVENIE-AUTRICHE"]
[PlyCount "54"]
[EventDate "2000.12.02"]

1. Nf3 f5 2. g3 g6 3. Bg2 Bg7 4. d4 d6 5. O-O Nf6 6. b3 O-O 7. Bb2 Qe8 8. c4 h6
9. Qc2 g5 10. Nbd2 Qh5 11. e4 f4 12. e5 Nh7 13. Rfe1 Bf5 14. Qc1 Na6 15. a3 g4
16. Nh4 f3 17. Ndxf3 gxf3 18. Bxf3 Bg4 19. Bxb7 Rab8 20. Bxa6 Ng5 21. f4 Rxf4
22. gxf4 Nh3+ 23. Kf1 Qxh4 24. Qd2 Rf8 25. Re4 Nxf4 26. Rxf4 Rxf4+ 27. Kg1 Bf3
0-1

[Event "Mitropa Cup"]
[Site "Charleville (Frankreich)"]
[Date "2000.12.02"]
[Round "8.2"]
[White "Pilaj, Herwig"]
[Black "Soln, Primoz"]
[Result "1/2-1/2"]
[WhiteElo "2334"]
[BlackElo "2413"]
[Annotator "AUTRICHE-SLOVENIE"]
[PlyCount "81"]
[EventDate "2000.12.02"]

1. d4 g6 2. e4 Bg7 3. Nf3 d6 4. Bd3 e5 5. Bg5 Ne7 6. c3 f6 7. Be3 Be6 8. Qa4+
c6 9. c4 exd4 10. Nxd4 Bf7 11. Nc3 Nd7 12. O-O O-O 13. Be2 d5 14. exd5 cxd5 15.
Nxd5 Nxd5 16. cxd5 Nb6 17. Qb5 Nxd5 18. Qxb7 Nxe3 19. fxe3 Qe8 20. Qf3 f5 21.
Rac1 Bh6 22. Rc3 Rc8 23. Bb5 Qe7 24. Nc6 Qg5 25. Qf4 Bd5 26. Qxg5 Bxg5 27. Rd1
Bxc6 28. Bxc6 Bxe3+ 29. Rxe3 Rxc6 30. Re7 Rf7 31. Rd8+ Kg7 32. Rxf7+ Kxf7 33.
Rd7+ Kg8 34. Rxa7 Rc1+ 35. Kf2 Rc2+ 36. Kf3 Rxb2 37. h4 h6 38. g3 g5 39. hxg5
hxg5 40. Ke3 Rg2 41. Kf3 1/2-1/2